000 01410nam0a22003011 4500
001 rc\2964282
005 20250530000054.0
010 _d1 р. 75 к.
_93000
021 _aRU
_b11262/33 г.
035 _a(NLR Aleph) 007110751
090 _a6765258
_c6765258
100 _a20110905d1933 |||y0rusy50 ca
101 0 _arus
102 _aRU
105 _aa z |||||
200 1 _aВопросы советской криминалистики
_e[сборник]
_fЛенингр. науч.-иссл. кабинет по изуч. уголовной и исправит.-трудовой политики
210 _aЛенинград
_cиздательство и 2-я типография издательства Леноблисполкома и Ленсовета
_d1933
215 _a60 с.
_cил.
_d22×15
606 1 _aУголовный розыск
_91284011
_3RU\NLR\AUTH\66212192
606 1 _aКриминалистика
_yСССР
_91396346
_3RU\NLR\AUTH\66587348
686 0 _aХ629.4
_2rubbk
712 0 2 _4650
_aЛенинградский научно-исследовательский кабинет по изучению уголовной и исправительно-трудовой политики
_9564661
_3RU\NLR\AUTH\880450532
801 0 _aRU
_bNLR
_gpsbo
801 1 _aRU
_bELAR
_2rusmarc
801 2 _aRU
_bNLR
_c20170731
_2rusmarc
852 _aNLR
_j33-10/1456
942 _cBOOK
980 _aNB